Scp quiz - Statistics

General Stats
  • This quiz has been taken 194 times
  • The average score is 9 of 15
Answer Stats
Hint(s) Answer % Correct
If you look at its face... SCP-096
95%
Neck-Snapper SCP-173
93%
"The plague doctor" SCP-049
75%
Is Slenderman an SCP? No
74%
Is SCP real? no
74%
Is there an Ikea SCP? Yes
68%
What does SCP mean? Secure Contain Protect
65%
'The Indestructible Lizard" Scp-682
60%
"prisoner Class" D-class
58%
SCP 106 The old man
56%
Where SCP-173 is contained Site-19
49%
SCP-303 Nickname The doorman
44%
Staircase Scp-087
39%
SIRENHEAD scp number? 6789
28%
Who invented SCP? Joonas Rikkonen
4%
No matching quizzes found
Score Distribution
Percent of People with Each Score
Percentile by Number Answered
Your Score History
You have not taken this quiz